45-宮崎県の市町村クイズ(1999年) - Statistics

General Stats
  • This quiz has been taken 73 times
  • The average score is 32 of 44
Answers on the Map
Answers color-coded by a green-red scale on the quiz's map according to % correct below.
 
Answer Stats
Answer % Correct
延岡のべおか
100%
宮崎みやざき
94%
えびの
92%
串間くしま
92%
小林こばやし
92%
椎葉しいばそん
92%
高千穂たかちほちょう
92%
日南にちなん
92%
日之影ひのかげちょう
92%
都城みやこのじょう
92%
五ヶ瀬ごかせちょう
89%
西都さいと
89%
日向ひゅうが
89%
三股みまたちょう
89%
門川かどがわちょう
86%
木城きじょうちょう
86%
西米良にしめらそん
86%
あやちょう
83%
都農つのちょう
83%
川南かわみなみちょう
81%
諸塚もろつかそん
81%
国富くにとみちょう
78%
北浦きたうらちょう
72%
佐土原さどわらちょう
72%
新富しんとみちょう
72%
高原たかはるちょう
72%
北郷きたごうそん
69%
西郷さいごうそん
67%
高鍋たかなべちょう
67%
南郷なんごうちょう
64%
北方きたかたちょう
61%
清武きよたけちょう
58%
須木すきそん
58%
田野たのちょう
58%
北川きたがわちょう
56%
野尻のじりちょう
56%
山之口やまのくちちょう
56%
南郷なんごうそん
53%
北郷きたごうちょう
50%
東郷とうごうちょう
50%
高崎たかざきちょう
47%
山田やまだちょう
47%
高岡たかおかちょう
33%
高城たかじょうちょう
28%
No matching quizzes found
Score Distribution
Percent of People with Each Score
Percentile by Number Answered
Your Score History
You have not taken this quiz